000
00191nam a2200085Ia 4500
008
120527s9999 xx 000 0 und d
100
_a
Sloane & Witney
245
_a
Labor Relations
942
_c
BK
999
_c
27124
_d
27124